| 000 | 00439cam a2200169ua 4500 | ||
|---|---|---|---|
| 020 | _c1.50 | ||
| 041 |
_amal _h |
||
| 082 |
_a894.8122 _bSRE/KA |
||
| 100 | _aSreekandan nair, C.N . | ||
| 245 |
_aKanchana Seetha / _cC.N.Sreekandan nair. _hTextual Documents |
||
| 260 |
_aKottayam : _bSahitya Pravarthaka Co-operative Society , _c1961. |
||
| 300 | _a133 ; . | ||
| 365 | _a1.50 | ||
| 504 | _a | ||
| 942 | _cBK | ||
| 999 |
_c1245 _d1245 |
||